Care and the City (Record no. 92183)

MARC details
000 -LEADER
fixed length control field 02306nam a2200301Ii 4500
008 - FIXED-LENGTH DATA ELEMENTS--GENERAL INFORMATION
fixed length control field 221202s xx 000 0 und d
245 #0 - TITLE STATEMENT
Title Care and the City
246 ## - VARYING FORM OF TITLE
Title proper/short title Encounters with Urban Studies
264 ## - PRODUCTION, PUBLICATION, DISTRIBUTION, MANUFACTURE, AND COPYRIGHT NOTICE
Name of producer, publisher, distributor, manufacturer Taylor & Francis
Date of production, publication, distribution, manufacture, or copyright notice 2022
300 ## - PHYSICAL DESCRIPTION
Extent 1 online resource (254 pages)
336 ## - CONTENT TYPE
Content type term text
Content type code txt
Source rdacontent
337 ## - MEDIA TYPE
Media type term computer
Media type code c
Source rdamedia
338 ## - CARRIER TYPE
Carrier type term online resource
Carrier type code cr
Source rdacarrier
520 ## - SUMMARY, ETC.
Summary, etc. Care and the City is a cross-disciplinary collection of chapters examining urban social spaces, in which caring and uncaring practices intersect and shape people's everyday lives. While asking how care and uncare are embedded in the urban condition, the book focuses on inequalities in caring relations and the ways they are acknowledged, reproduced, and overcome in various spaces, discourses, and practices. This book provides a pathway for urban scholars to start engaging with approaches to conceptualize care in the city through a critical-reflexive analysis of processes of urbanization. It pursues a systematic integration of empirical, methodological, theoretical, and ethical approaches to care in urban studies, while overcoming a crisis-centered reading of care and the related ambivalences in care debates, practices, and spaces. These strands are elaborated via a conceptual framework of care and situated within broader theoretical debates on cities, urbanization, and urban development with detailed case studies from Europe, the Americas, and Asia. By establishing links to various fields of knowledge, this book seeks to systematically introduce debates on care to the interconnecting fields of urban studies, planning theory, and related disciplines for the first time.
653 ## - INDEX TERM--UNCONTROLLED
Uncontrolled term City And Town Planning: Architectural Aspects
653 ## - INDEX TERM--UNCONTROLLED
Uncontrolled term Landscape Architecture And Design
653 ## - INDEX TERM--UNCONTROLLED
Uncontrolled term Urban And Municipal Planning
653 ## - INDEX TERM--UNCONTROLLED
Uncontrolled term Urban Communities
700 1# - ADDED ENTRY--PERSONAL NAME
Personal name Cohen, Nir
700 1# - ADDED ENTRY--PERSONAL NAME
Personal name Gabauer, Angelika
700 1# - ADDED ENTRY--PERSONAL NAME
Personal name Haas, Tigran
700 1# - ADDED ENTRY--PERSONAL NAME
Personal name Knierbein, Sabine
700 1# - ADDED ENTRY--PERSONAL NAME
Personal name Lebuhn, Henrik
700 1# - ADDED ENTRY--PERSONAL NAME
Personal name Trogal, Kim
700 1# - ADDED ENTRY--PERSONAL NAME
Personal name Viderman, Tihomir
856 ## - ELECTRONIC LOCATION AND ACCESS
Uniform Resource Identifier <a href="https://docs.google.com/spreadsheets/d/1yKIrdCPDAG_9c22mwoOIO2DOhtj65Wqa/edit?usp=sharing&ouid=106555315294820607512&rtpof=true&sd=true ">https://docs.google.com/spreadsheets/d/1yKIrdCPDAG_9c22mwoOIO2DOhtj65Wqa/edit?usp=sharing&ouid=106555315294820607512&rtpof=true&sd=true </a>
Link text List of Curated E-Books
942 ## - ADDED ENTRY ELEMENTS (KOHA)
Koha item type E-Book

No items available.

University of Rizal System
Email us at univlibservices@urs.edu.ph

Visit our Website www.urs.edu.ph/library